Evropská politika sousedství: nástroj budování prostoru bezpečnosti, stability a prosperity?

Európska politika susedstva (European Neighbourhood Policy, ENP) je pomerne novou súčasťou zahraničných vzťahov Európskej únie, ktorá zahrňuje štáty, ktoré zdieľajú pozemské či prímorské hranice s EÚ. V súčasnosti sa jedná o 16 subjektov: Alžírsko, Arménsko, Azerbájdžán, Belorusko, Egypt, Gruzínsko...

Descrizione completa

Salvato in:
Dettagli Bibliografici
Autore principale: Cihelková, Eva
Natura: Capitolo di libro
Lingua:ceco
Soggetti:
Tags: Aggiungi Tag
Nessun Tag, puoi essere il primo ad aggiungerne!!

MARC

LEADER 00000naa a2200000 4500
001 0146486
005 20231204125222.2
041 0 |a cze 
044 |a CZ 
245 1 0 |a Evropská politika sousedství: nástroj budování prostoru bezpečnosti, stability a prosperity?  |c Eva Cihelková 
520 |a Európska politika susedstva (European Neighbourhood Policy, ENP) je pomerne novou súčasťou zahraničných vzťahov Európskej únie, ktorá zahrňuje štáty, ktoré zdieľajú pozemské či prímorské hranice s EÚ. V súčasnosti sa jedná o 16 subjektov: Alžírsko, Arménsko, Azerbájdžán, Belorusko, Egypt, Gruzínsko, Izrael, Jordánsko, Libanon, Libya, Moldavsko, Maroko, Palestínu Sýriu, Tunisko a Ukrajinu . ENP vznikla počas rokov 2003 a 2004 so zámerom vyhnúť sa novému rozdeleniu euro-stredomorského regiónu po prvom východnom rozšírení EÚ o nové členské krajiny a súučasne v snahe posilniť susedné krajiny. 
610 2 0 |a politika medzinárodná 
610 2 0 |a vzťahy hospodárske vonkajšie 
610 2 0 |a Egypt 
610 2 0 |a Gruzínsko 
610 2 0 |a Európska únia 
610 2 0 |a bezpečnosť medzinárodná 
610 2 0 |a Líbya 
610 2 0 |a Libanon 
610 2 0 |a Tunisko 
610 2 0 |a Ukrajina 
100 1 |a Cihelková, Eva